Les lazes en Turquie : (XIXe-XXe siecles)

Αποθηκεύτηκε σε:
Λεπτομέρειες βιβλιογραφικής εγγραφής
Κύριος συγγραφέας: Toumarkine, Alexandre 1965-
Μορφή: Βιβλίο
Γλώσσα:English
Δημοσίευση: Istanbul : Les Editions Isis, c1995
Σειρά:Cahiers du Bosphore ; ; 11
Θέματα:
Ετικέτες: Προσθήκη ετικέτας
Δεν υπάρχουν, Καταχωρήστε ετικέτα πρώτοι!

MARC

LEADER 00000cam a2200000 i 4500
001 1/90998
008 991011s1995 eng d
020 |a 975-428-069-X 
035 |l 10053372 
040 |a GR-MY-UA  |b gre  |e aacr 
041 0 |a eng 
082 0 |a 956.1 
100 1 |a Toumarkine, Alexandre  |d 1965- 
245 1 4 |a Les lazes en Turquie :  |b (XIXe-XXe siecles) /  |c Alexandre Toumarkine 
260 |a Istanbul :   |b Les Editions Isis,   |c c1995 
300 |a 163 p.  |b maps 
490 1 |a Cahiers du Bosphore  |v ; 11 
504 |a Includes bibliographical references (p.[122]-146) 
650 0 0 |a Laz  |z Turkey  |x History  |y 19th century. 
650 0 0 |a Laz  |z Turkey  |x History  |y 20th century. 
830 0 |a Cahiers du Bosphore ;  |v ; 11 
852 |a INST  |b LESVOS  |e 19991011  |h 956.1 TOU  |p 005100019213  |q 005100019213  |t BK  |y 0 
901 |a BIBL1-1999-3 
909 |a Λ  |b 068400 
970 |a ΤΖΑΦΕΡΗ  |b ΕΥΑΓΓΕΛΙΑ  |z 1999/10/11